[Event "European Individual Chess Championship "]
[Site "Reykjavik, Iceland"]
[Date "2021.08.31"]
[Round "6.12"]
[White "Donchenko, Alexander"]
[Black "Dragnev, Valentin"]
[Result "1-0"]
[WhiteElo "2657"]
[BlackElo "2557"]
[PlyCount "87"]
[EventDate "2021.08.26"]

1. Nf3 {[%emt 0:00:03]} Nf6 {[%emt 0:00:37]} 2. g3 {[%emt 0:01:01]} g6 {
[%emt 0:00:17]} 3. c4 {[%emt 0:01:02]} Bg7 {[%emt 0:02:20]} 4. Bg2 {[%emt 0:01:
12]} O-O {[%emt 0:00:42]} 5. Nc3 {[%emt 0:01:53]} c6 {[%emt 0:02:44]} 6. d4 {
[%emt 0:10:13]} d5 {[%emt 0:00:17]} 7. cxd5 {[%emt 0:00:41]} cxd5 {[%emt 0:00:
08]} 8. Ne5 {[%emt 0:00:27]} Nc6 {[%emt 0:25:32]} 9. O-O {[%emt 0:01:05]} Bf5 {
[%emt 0:00:08]} 10. Nxc6 {[%emt 0:01:55]} bxc6 {[%emt 0:00:57]} 11. Bf4 {
[%emt 0:03:48]} Nd7 {[%emt 0:08:26]} 12. Rc1 {[%emt 0:17:58]} Qb6 {[%emt 0:16:
52]} 13. Na4 {[%emt 0:00:55]} Qxd4 {[%emt 0:00:14]} 14. Qxd4 {[%emt 0:05:30]}
Bxd4 {[%emt 0:00:07]} 15. Rxc6 {[%emt 0:00:13]} e6 {[%emt 0:00:19]} 16. b3 {
[%emt 0:23:53]} Nb6 {[%emt 0:04:58]} 17. Rd1 {[%emt 0:03:35]} Bf6 {[%emt 0:11:
30]} 18. Nxb6 {[%emt 0:00:42]} axb6 {[%emt 0:00:02]} 19. a4 {[%emt 0:00:19]}
Bd8 {[%emt 0:00:09]} 20. Rdc1 {[%emt 0:03:01]} g5 {[%emt 0:11:06]} 21. Be5 {
[%emt 0:02:57]} f6 {[%emt 0:01:38]} 22. Bd6 {[%emt 0:00:43]} Rf7 {[%emt 0:01:
18]} 23. f3 {[%emt 0:04:21]} e5 {[%emt 0:01:17]} 24. Rd1 {[%emt 0:06:56]} Bd7 {
[%emt 0:01:18]} 25. Rc2 {[%emt 0:00:18]} Be6 {[%emt 0:00:20]} 26. f4 {[%emt 0:
00:08]} e4 {[%emt 0:01:31]} 27. f5 {[%emt 0:00:15]} Bxf5 {[%emt 0:00:08]} 28.
Rxd5 {[%emt 0:00:05]} Bg6 {[%emt 0:00:16]} 29. Rc6 {[%emt 0:02:32]} Kg7 {
[%emt 0:03:03]} 30. e3 {[%emt 0:02:02]} Rfa7 {[%emt 0:00:37]} 31. Rd4 {[%emt 0:
01:53]} b5 {[%emt 0:01:33]} 32. Bc5 {[%emt 0:00:40]} Ra5 {[%emt 0:02:01]} 33.
Bb4 {[%emt 0:03:53]} R5a7 {[%emt 0:00:35]} 34. Bc5 Ra5 {[%emt 0:00:16]} 35.
Rcd6 {[%emt 0:01:01]} bxa4 {[%emt 0:00:48]} 36. Rd7+ {[%emt 0:00:30]} Kh6 {
[%emt 0:00:59]} 37. b4 {[%emt 0:00:37]} Rxc5 {[%emt 0:02:04]} 38. bxc5 {
[%emt 0:00:02]} Ba5 {[%emt 0:00:06]} 39. Rxa4 {[%emt 0:00:33]} Be8 {[%emt 0:01:
15]} 40. c6 {[%emt 0:00:23]} Bxd7 {[%emt 0:01:29]} 41. cxd7 {[%emt 0:01:14]}
Rd8 {[%emt 0:01:34]} 42. Rxa5 {[%emt 0:00:07]} Rxd7 {[%emt 0:00:05]} 43. Bxe4 {
[%emt 0:00:12]} Re7 {[%emt 0:00:51]} 44. Bf5 {[%emt 0:01:10]} 1-0

[Event "European Individual Chess Championship "]
[Site "Reykjavik, Iceland"]
[Date "2021.08.31"]
[Round "6.13"]
[White "Paichadze, Luka"]
[Black "Saric, Ivan"]
[Result "1/2-1/2"]
[WhiteElo "2564"]
[BlackElo "2653"]
[PlyCount "58"]
[EventDate "2021.08.26"]

1. e4 {[%emt 0:00:03]} c5 {[%emt 0:00:04]} 2. c3 {[%emt 0:00:36]} Nf6 {[%emt 0:
00:06]} 3. e5 {[%emt 0:00:04]} Nd5 {[%emt 0:00:03]} 4. Nf3 {[%emt 0:01:23]} d6
{[%emt 0:00:53]} 5. d4 {[%emt 0:00:06]} cxd4 {[%emt 0:00:06]} 6. cxd4 {[%emt 0:
00:04]} Nc6 {[%emt 0:00:05]} 7. Bc4 {[%emt 0:00:18]} Nb6 {[%emt 0:00:19]} 8.
Bb3 {[%emt 0:00:55]} dxe5 {[%emt 0:02:53]} 9. d5 {[%emt 0:00:06]} Na5 {[%emt 0:
00:51]} 10. Nc3 {[%emt 0:00:09]} g6 {[%emt 0:07:29]} 11. Nxe5 {[%emt 0:03:50]}
Nxb3 {[%emt 0:05:47]} 12. Qxb3 {[%emt 0:06:22]} Bg7 {[%emt 0:00:04]} 13. Bf4 {
[%emt 0:01:47]} O-O {[%emt 0:00:05]} 14. Rd1 {[%emt 0:10:34]} Nd7 {[%emt 0:06:
10]} 15. Nxd7 {[%emt 0:00:16]} Bxd7 {[%emt 0:05:36]} 16. Qxb7 {[%emt 0:14:30]}
Qc8 {[%emt 0:00:03]} 17. Qxc8 {[%emt 0:02:20]} Rfxc8 {[%emt 0:00:31]} 18. O-O {
[%emt 0:01:13]} Rc4 {[%emt 0:03:51]} 19. Bg3 {[%emt 0:01:48]} Bxc3 {[%emt 0:01:
28]} 20. bxc3 {[%emt 0:01:36]} Rxc3 {[%emt 0:00:03]} 21. Rfe1 {[%emt 0:00:11]}
Re8 {[%emt 0:00:07]} 22. h3 {[%emt 0:09:57]} f6 {[%emt 0:01:09]} 23. Rc1 {
[%emt 0:06:43]} Rxc1 {[%emt 0:06:00]} 24. Rxc1 {[%emt 0:00:04]} a6 {[%emt 0:00:
31]} 25. Rc7 {[%emt 0:01:37]} Bb5 {[%emt 0:00:45]} 26. Bf4 {[%emt 0:01:55]} g5
{[%emt 0:00:31]} 27. Bd2 {[%emt 0:01:35]} Rd8 {[%emt 0:01:14]} 28. Rxe7 {
[%emt 0:00:21]} Rxd5 {[%emt 0:00:04]} 29. Bc3 {[%emt 0:00:08]} Rd6 {[%emt 0:00:
22]} 1/2-1/2

[Event "European Individual Chess Championship "]
[Site "Reykjavik, Iceland"]
[Date "2021.08.31"]
[Round "6.14"]
[White "Martirosyan, Haik M."]
[Black "Sanal, Vahap"]
[Result "0-1"]
[WhiteElo "2632"]
[BlackElo "2557"]
[PlyCount "136"]
[EventDate "2021.08.26"]

1. d4 {[%emt 0:00:12]} d5 {[%emt 0:00:13]} 2. c4 {[%emt 0:00:27]} c6 {[%emt 0:
00:08]} 3. Nf3 {[%emt 0:00:14]} Nf6 {[%emt 0:00:08]} 4. Nc3 {[%emt 0:00:20]} e6
{[%emt 0:00:10]} 5. Bg5 {[%emt 0:00:30]} Be7 {[%emt 0:00:13]} 6. e3 {[%emt 0:
02:08]} h6 {[%emt 0:00:15]} 7. Bh4 {[%emt 0:01:47]} Nbd7 {[%emt 0:00:50]} 8.
Bd3 {[%emt 0:01:58]} O-O {[%emt 0:00:20]} 9. cxd5 {[%emt 0:05:31]} Nxd5 {
[%emt 0:01:02]} 10. Bg3 {[%emt 0:00:25]} Qa5 {[%emt 0:08:15]} 11. Qd2 {[%emt 0:
04:16]} Nxc3 {[%emt 0:03:51]} 12. bxc3 {[%emt 0:00:07]} b6 {[%emt 0:00:41]} 13.
O-O {[%emt 0:02:07]} Ba6 {[%emt 0:01:30]} 14. e4 {[%emt 0:07:44]} c5 {[%emt 0:
07:29]} 15. Bxa6 {[%emt 0:03:43]} Qxa6 {[%emt 0:00:07]} 16. d5 {[%emt 0:02:21]}
exd5 {[%emt 0:01:07]} 17. exd5 {[%emt 0:02:16]} Bf6 {[%emt 0:01:30]} 18. Qc2 {
[%emt 0:01:43]} Rfe8 {[%emt 0:06:05]} 19. Qf5 {[%emt 0:06:13]} Qa4 {[%emt 0:00:
40]} 20. Rac1 {[%emt 0:01:07]} Re2 {[%emt 0:07:51]} 21. c4 {[%emt 0:03:14]}
Rae8 {[%emt 0:03:15]} 22. Bf4 {[%emt 0:03:15]} Rxa2 {[%emt 0:12:48]} 23. h4 {
[%emt 0:01:26]} Rae2 {[%emt 0:05:54]} 24. h5 {[%emt 0:03:10]} Bb2 {[%emt 0:01:
53]} 25. Rb1 {[%emt 0:02:39]} Nf6 {[%emt 0:06:43]} 26. Bd2 {[%emt 0:06:10]} Be5
{[%emt 0:04:20]} 27. Qd3 {[%emt 0:06:03]} Nxh5 {[%emt 0:02:00]} 28. g3 {
[%emt 0:03:15]} Bd6 {[%emt 0:01:11]} 29. Nh4 {[%emt 0:00:48]} Qd7 {[%emt 0:01:
04]} 30. Rfe1 {[%emt 0:05:47]} Qg4 {[%emt 0:04:18]} 31. Qf5 {[%emt 0:00:51]}
Rxe1+ {[%emt 0:07:04]} 32. Bxe1 {[%emt 0:00:06]} Qe2 {[%emt 0:03:05]} 33. Qd7 {
[%emt 0:03:26]} Bf8 {[%emt 0:00:18]} 34. Bc3 {[%emt 0:05:54]} Re7 {[%emt 0:00:
19]} 35. Qc8 {[%emt 0:04:28]} Re8 {[%emt 0:01:22]} 36. Qc6 {[%emt 0:01:10]} Re4
{[%emt 0:01:50]} 37. Ba1 {[%emt 0:06:56]} Qd3 {[%emt 0:02:57]} 38. Rf1 {
[%emt 0:00:59]} Rxc4 {[%emt 0:01:10]} 39. Qd7 {[%emt 0:00:07]} Rc2 {[%emt 0:03:
32]} 40. Nf5 {[%emt 0:00:37]} Re2 {[%emt 0:01:14]} 41. d6 {[%emt 0:05:44]} g6 {
[%emt 0:03:56]} 42. Ne3 {[%emt 0:06:22]} Qxd6 {[%emt 0:01:14]} 43. Qg4 {
[%emt 0:01:06]} Rd2 {[%emt 0:02:33]} 44. Re1 {[%emt 0:03:17]} Qd7 {[%emt 0:00:
28]} 45. Qf3 {[%emt 0:00:58]} Rd3 {[%emt 0:01:50]} 46. Qa8 {[%emt 0:02:13]} Ng7
{[%emt 0:02:30]} 47. Qe4 {[%emt 0:03:15]} h5 {[%emt 0:01:29]} 48. g4 {[%emt 0:
00:15]} b5 {[%emt 0:03:38]} 49. gxh5 {[%emt 0:02:46]} Nxh5 {[%emt 0:00:13]} 50.
Qe5 {[%emt 0:00:14]} f6 {[%emt 0:01:22]} 51. Qe4 {[%emt 0:00:15]} Kh7 {[%emt 0:
00:14]} 52. Kg2 {[%emt 0:01:28]} Bg7 {[%emt 0:05:39]} 53. Rh1 {[%emt 0:01:45]}
f5 {[%emt 0:00:26]} 54. Qa8 {[%emt 0:00:40]} Qd8 {[%emt 0:01:33]} 55. Qxa7 {
[%emt 0:00:37]} Rd7 {[%emt 0:00:06]} 56. Qa6 {[%emt 0:02:03]} Qg5+ {[%emt 0:00:
25]} 57. Kf1 {[%emt 0:01:17]} Bxa1 {[%emt 0:00:24]} 58. Qxa1 {[%emt 0:00:29]}
f4 {[%emt 0:00:10]} 59. Ng2 {[%emt 0:01:16]} Qd5 {[%emt 0:01:00]} 60. Qa5 {
[%emt 0:02:17]} b4 {[%emt 0:01:27]} 61. Kg1 {[%emt 0:01:12]} Qf5 {[%emt 0:02:
32]} 62. Qa4 {[%emt 0:01:23]} Re7 {[%emt 0:01:01]} 63. f3 {[%emt 0:01:31]} Qg5
{[%emt 0:01:55]} 64. Kf1 {[%emt 0:02:10]} Qd5 {[%emt 0:00:36]} 65. Rh3 {
[%emt 0:00:08]} Qe6 {[%emt 0:00:32]} 66. Rh4 {[%emt 0:00:32]} Qe2+ {[%emt 0:00:
22]} 67. Kg1 {[%emt 0:00:01]} Qxf3 {[%emt 0:00:07]} 68. Qc2 {[%emt 0:00:35]}
Re2 {[%emt 0:00:49]} 0-1

[Event "European Individual Chess Championship "]
[Site "Reykjavik, Iceland"]
[Date "2021.08.31"]
[Round "6.16"]
[White "Vocaturo, Daniele"]
[Black "Kulaots, Kaido"]
[Result "1-0"]
[WhiteElo "2630"]
[BlackElo "2548"]
[PlyCount "135"]
[EventDate "2021.08.26"]

1. d4 {[%emt 0:00:05]} Nf6 {[%emt 0:00:24]} 2. c4 {[%emt 0:00:23]} g6 {[%emt 0:
00:21]} 3. f3 {[%emt 0:00:49]} d5 {[%emt 0:03:11]} 4. cxd5 {[%emt 0:00:21]}
Nxd5 {[%emt 0:00:04]} 5. e4 {[%emt 0:00:51]} Nb6 {[%emt 0:00:05]} 6. Nc3 {
[%emt 0:00:29]} Bg7 {[%emt 0:00:16]} 7. Be3 {[%emt 0:00:25]} O-O {[%emt 0:00:
43]} 8. Qd2 {[%emt 0:00:51]} Nc6 {[%emt 0:03:08]} 9. O-O-O {[%emt 0:00:37]} Qd6
{[%emt 0:01:34]} 10. Kb1 {[%emt 0:02:22]} Rd8 {[%emt 0:00:51]} 11. Nb5 {
[%emt 0:00:49]} Qd7 {[%emt 0:00:07]} 12. d5 {[%emt 0:00:11]} a6 {[%emt 0:01:20]
} 13. Nc3 {[%emt 0:00:23]} Qe8 {[%emt 0:00:40]} 14. Qc1 {[%emt 0:01:40]} Na5 {
[%emt 0:01:02]} 15. Bh6 {[%emt 0:07:33]} Bf6 {[%emt 0:08:14]} 16. Bg5 {[%emt 0:
08:49]} c6 {[%emt 0:06:11]} 17. Bxf6 {[%emt 0:05:54]} exf6 {[%emt 0:00:11]} 18.
dxc6 {[%emt 0:08:01]} Nxc6 {[%emt 0:11:25]} 19. Nge2 {[%emt 0:07:51]} Rxd1 {
[%emt 0:29:25]} 20. Qxd1 {[%emt 0:00:22]} Qe5 {[%emt 0:00:17]} 21. Qb3 {
[%emt 0:07:01]} Qc5 {[%emt 0:00:09]} 22. Nf4 {[%emt 0:01:00]} Nd4 {[%emt 0:00:
21]} 23. Qa3 {[%emt 0:05:49]} Qxa3 {[%emt 0:04:39]} 24. bxa3 {[%emt 0:00:08]}
f5 {[%emt 0:08:22]} 25. Nfd5 {[%emt 0:04:04]} Nxd5 {[%emt 0:00:42]} 26. exd5 {
[%emt 0:02:51]} Bd7 {[%emt 0:03:26]} 27. Bd3 {[%emt 0:00:52]} Kf8 {[%emt 0:00:
50]} 28. Rd1 {[%emt 0:06:27]} Nb5 {[%emt 0:07:25]} 29. Bxb5 {[%emt 0:06:13]}
axb5 {[%emt 0:00:27]} 30. Kb2 {[%emt 0:05:55]} Ke7 {[%emt 0:00:26]} 31. d6+ {
[%emt 0:03:05]} Kd8 {[%emt 0:00:08]} 32. Nd5 {[%emt 0:01:03]} Ra6 {[%emt 0:02:
17]} 33. Nf6 {[%emt 0:00:25]} h5 {[%emt 0:03:16]} 34. Kb3 {[%emt 0:03:30]} Be6+
{[%emt 0:01:56]} 35. Kb4 {[%emt 0:00:21]} Ra4+ {[%emt 0:00:21]} 36. Kxb5 {
[%emt 0:00:12]} Rxa3 {[%emt 0:00:12]} 37. Kb6 {[%emt 0:01:19]} Rxa2 {[%emt 0:
01:00]} 38. Kxb7 {[%emt 0:00:09]} Rxg2 {[%emt 0:03:09]} 39. Ra1 {[%emt 0:01:51]
} Rb2+ {[%emt 0:00:32]} 40. Kc6 {[%emt 0:00:07]} Rc2+ {[%emt 0:00:33]} 41. Kb6
{[%emt 0:00:10]} Ra2 {[%emt 0:15:51]} 42. Rxa2 {[%emt 0:06:03]} Bxa2 {[%emt 0:
00:05]} 43. f4 {[%emt 0:00:17]} Bb3 {[%emt 0:00:38]} 44. Kc5 {[%emt 0:03:18]}
h4 {[%emt 0:04:26]} 45. Kd4 {[%emt 0:02:02]} Bc2 {[%emt 0:01:08]} 46. Kd5 {
[%emt 0:03:34]} Bb3+ {[%emt 0:00:19]} 47. Ke5 {[%emt 0:00:35]} Bc4 {[%emt 0:06:
50]} 48. Nh7 {[%emt 0:03:40]} Kd7 {[%emt 0:00:11]} 49. Ng5 {[%emt 0:00:09]} f6+
{[%emt 0:03:39]} 50. Kxf6 {[%emt 0:00:07]} Kxd6 {[%emt 0:00:03]} 51. Kxg6 {
[%emt 0:01:01]} Bd3 {[%emt 0:00:36]} 52. Kh5 {[%emt 0:04:47]} Ke7 {[%emt 0:00:
16]} 53. Kxh4 {[%emt 0:00:21]} Kf6 {[%emt 0:01:06]} 54. Kh5 {[%emt 0:00:06]}
Kg7 {[%emt 0:00:49]} 55. Ne6+ {[%emt 0:00:25]} Kf6 {[%emt 0:00:04]} 56. Nd4 {
[%emt 0:00:14]} Bf1 {[%emt 0:00:27]} 57. Kh6 {[%emt 0:01:32]} Bg2 {[%emt 0:01:
04]} 58. h4 {[%emt 0:00:47]} Bd5 {[%emt 0:00:19]} 59. Ne2 {[%emt 0:00:12]} Be4
{[%emt 0:01:22]} 60. Ng3 {[%emt 0:00:06]} Bd3 {[%emt 0:00:32]} 61. Nh5+ {
[%emt 0:00:06]} Kf7 {[%emt 0:00:31]} 62. Kg5 {[%emt 0:00:08]} Bc2 {[%emt 0:00:
28]} 63. Ng3 {[%emt 0:00:43]} Kg7 {[%emt 0:00:15]} 64. Nxf5+ {[%emt 0:05:13]}
Kh7 {[%emt 0:00:04]} 65. Kf6 {[%emt 0:00:22]} Bd3 {[%emt 0:00:12]} 66. Ng3 {
[%emt 0:00:12]} Bc4 {[%emt 0:00:35]} 67. f5 {[%emt 0:00:12]} Bd5 {[%emt 0:00:
09]} 68. Ke7 {[%emt 0:00:10]} 1-0

[Event "European Individual Chess Championship "]
[Site "Reykjavik, Iceland"]
[Date "2021.08.31"]
[Round "6.17"]
[White "Van Foreest, Lucas"]
[Black "Fridman, Daniel"]
[Result "1/2-1/2"]
[WhiteElo "2544"]
[BlackElo "2621"]
[PlyCount "39"]
[EventDate "2021.08.26"]

1. e4 {[%emt 0:00:50]} e6 {[%emt 0:04:01]} 2. d4 {[%emt 0:00:18]} d5 {[%emt 0:
00:10]} 3. Nc3 {[%emt 0:00:06]} Nf6 {[%emt 0:00:07]} 4. Bg5 {[%emt 0:00:07]}
dxe4 {[%emt 0:00:16]} 5. Nxe4 {[%emt 0:00:05]} Nbd7 {[%emt 0:01:40]} 6. Nf3 {
[%emt 0:00:24]} h6 {[%emt 0:00:06]} 7. Bxf6 {[%emt 0:00:05]} Nxf6 {[%emt 0:00:
06]} 8. Bd3 {[%emt 0:00:08]} Nxe4 {[%emt 0:08:25]} 9. Bxe4 {[%emt 0:00:04]} c5
{[%emt 0:00:11]} 10. Qe2 {[%emt 0:05:20]} Qa5+ {[%emt 0:00:43]} 11. c3 {
[%emt 0:00:03]} cxd4 {[%emt 0:00:06]} 12. Nxd4 {[%emt 0:00:02]} Be7 {[%emt 0:
01:02]} 13. Nc6 {[%emt 0:04:17]} Qc7 {[%emt 0:03:08]} 14. Nxe7 {[%emt 0:00:07]}
Kxe7 {[%emt 0:05:38]} 15. O-O-O Bd7 {[%emt 0:08:58]} 16. Qg4 {[%emt 0:13:05]}
Rhd8 {[%emt 0:10:59]} 17. Bf3 {[%emt 0:06:17]} Bc6 {[%emt 0:01:50]} 18. Bxc6 {
[%emt 0:05:36]} bxc6 {[%emt 0:00:06]} 19. Qb4+ {[%emt 0:01:14]} Ke8 {[%emt 0:
04:41]} 20. g3 {[%emt 0:05:18]} 1/2-1/2

[Event "European Individual Chess Championship "]
[Site "Reykjavik, Iceland"]
[Date "2021.08.31"]
[Round "6.18"]
[White "Antipov, Mikhail Al."]
[Black "Kacharava, Nikolozi"]
[Result "1/2-1/2"]
[WhiteElo "2607"]
[BlackElo "2453"]
[PlyCount "81"]
[EventDate "2021.08.26"]

1. e4 {[%emt 0:00:02]} e5 {[%emt 0:00:38]} 2. Nf3 {[%emt 0:00:07]} Nf6 {
[%emt 0:00:32]} 3. Nxe5 {[%emt 0:00:06]} d6 {[%emt 0:00:22]} 4. Nf3 {[%emt 0:
00:05]} Nxe4 {[%emt 0:00:10]} 5. Qe2 {[%emt 0:00:04]} Qe7 {[%emt 0:00:37]} 6.
d3 {[%emt 0:00:06]} Nf6 {[%emt 0:00:43]} 7. Nc3 {[%emt 0:00:05]} Qxe2+ {
[%emt 0:00:36]} 8. Bxe2 {[%emt 0:00:04]} g6 {[%emt 0:00:45]} 9. Bd2 {[%emt 0:
01:33]} Bg7 {[%emt 0:00:54]} 10. O-O-O {[%emt 0:00:14]} a6 {[%emt 0:01:17]} 11.
Rhf1 {[%emt 0:07:11]} O-O {[%emt 0:01:51]} 12. Ng5 {[%emt 0:03:48]} Nc6 {
[%emt 0:02:11]} 13. Rde1 {[%emt 0:00:11]} Nd4 {[%emt 0:07:22]} 14. Bd1 {
[%emt 0:00:12]} Bd7 {[%emt 0:01:58]} 15. Nge4 {[%emt 0:05:27]} Bc6 {[%emt 0:08:
07]} 16. Nxf6+ {[%emt 0:07:20]} Bxf6 {[%emt 0:00:01]} 17. Ne4 {[%emt 0:00:13]}
Bg7 {[%emt 0:01:56]} 18. c3 {[%emt 0:02:00]} Ne6 {[%emt 0:03:08]} 19. f4 {
[%emt 0:01:03]} d5 {[%emt 0:07:37]} 20. Ng5 {[%emt 0:34:49]} Nxg5 {[%emt 0:05:
20]} 21. fxg5 {[%emt 0:00:11]} f6 {[%emt 0:05:13]} 22. gxf6 {[%emt 0:06:14]}
Rxf6 {[%emt 0:04:41]} 23. Rxf6 {[%emt 0:00:50]} Bxf6 {[%emt 0:00:02]} 24. Bf3 {
[%emt 0:00:26]} Rf8 {[%emt 0:06:27]} 25. Kc2 {[%emt 0:09:51]} Rf7 {[%emt 0:01:
53]} 26. Re2 {[%emt 0:03:31]} Kg7 {[%emt 0:07:14]} 27. Be1 {[%emt 0:00:22]} Re7
{[%emt 0:01:50]} 28. Rxe7+ {[%emt 0:00:49]} Bxe7 {[%emt 0:00:01]} 29. Bg3 {
[%emt 0:00:11]} Bd8 {[%emt 0:05:28]} 30. Kd2 {[%emt 0:12:17]} Kf7 {[%emt 0:01:
02]} 31. b4 {[%emt 0:00:14]} h5 {[%emt 0:01:36]} 32. c4 {[%emt 0:02:47]} Ke6 {
[%emt 0:03:19]} 33. h3 {[%emt 0:00:46]} Be7 {[%emt 0:02:38]} 34. Kc3 {[%emt 0:
00:30]} Bd6 {[%emt 0:01:30]} 35. Bxd6 {[%emt 0:01:26]} Kxd6 {[%emt 0:00:42]}
36. Kd4 {[%emt 0:01:04]} dxc4 {[%emt 0:00:59]} 37. Bxc6 {[%emt 0:00:26]} Kxc6 {
[%emt 0:00:19]} 38. dxc4 {[%emt 0:00:05]} Kd6 {[%emt 0:00:23]} 39. h4 {[%emt 0:
00:58]} b6 {[%emt 0:05:00]} 40. a4 {[%emt 0:01:07]} c6 {[%emt 0:04:16]} 41. Ke4
{[%emt 0:07:55]} 1/2-1/2

[Event "European Individual Chess Championship "]
[Site "Reykjavik, Iceland"]
[Date "2021.08.31"]
[Round "6.19"]
[White "Grigorian, Spartak"]
[Black "Gretarsson, Hjorvar Steinn"]
[Result "1-0"]
[WhiteElo "2448"]
[BlackElo "2603"]
[PlyCount "79"]
[EventDate "2021.08.26"]

1. d4 {[%emt 0:00:01]} e6 {[%emt 0:00:21]} 2. c4 {[%emt 0:00:23]} b6 {[%emt 0:
00:35]} 3. a3 {[%emt 0:02:23]} Bb7 {[%emt 0:00:58]} 4. Nc3 {[%emt 0:00:06]} f5
{[%emt 0:04:57]} 5. d5 {[%emt 0:02:08]} Nf6 {[%emt 0:00:25]} 6. g3 {[%emt 0:00:
54]} Bd6 {[%emt 0:00:09]} 7. Bg2 {[%emt 0:00:54]} Be5 {[%emt 0:02:38]} 8. Nb5 {
[%emt 0:05:23]} a6 {[%emt 0:09:59]} 9. Nd4 {[%emt 0:00:50]} Bxd4 {[%emt 0:17:
08]} 10. Qxd4 {[%emt 0:00:08]} d6 {[%emt 0:01:04]} 11. Nf3 {[%emt 0:02:20]} Qe7
{[%emt 0:13:04]} 12. dxe6 {[%emt 0:04:16]} Be4 {[%emt 0:10:24]} 13. b4 {
[%emt 0:08:34]} Nc6 {[%emt 0:01:26]} 14. Qc3 {[%emt 0:00:58]} O-O {[%emt 0:02:
02]} 15. Bb2 {[%emt 0:00:34]} Rae8 {[%emt 0:01:27]} 16. O-O {[%emt 0:03:00]}
Nd8 {[%emt 0:05:26]} 17. a4 {[%emt 0:04:26]} Nxe6 {[%emt 0:04:27]} 18. a5 {
[%emt 0:00:19]} b5 {[%emt 0:00:55]} 19. Rac1 {[%emt 0:04:45]} bxc4 {[%emt 0:06:
09]} 20. Qxc4 {[%emt 0:01:16]} d5 {[%emt 0:01:13]} 21. Qc3 {[%emt 0:09:06]} f4
{[%emt 0:03:27]} 22. b5 {[%emt 0:09:02]} fxg3 {[%emt 0:02:30]} 23. hxg3 {
[%emt 0:02:31]} d4 {[%emt 0:03:47]} 24. Nxd4 {[%emt 0:04:13]} Nd5 {[%emt 0:00:
31]} 25. Qb3 {[%emt 0:05:14]} Nxd4 {[%emt 0:01:57]} 26. Bxd4 {[%emt 0:00:07]}
Bxg2 {[%emt 0:00:34]} 27. Kxg2 {[%emt 0:00:02]} Qe4+ {[%emt 0:01:02]} 28. Kg1 {
[%emt 0:02:09]} Re6 {[%emt 0:01:08]} 29. Rc5 {[%emt 0:05:05]} Rf5 {[%emt 0:01:
43]} 30. Qd3 {[%emt 0:03:15]} Qg4 {[%emt 0:02:03]} 31. bxa6 {[%emt 0:02:21]} c6
{[%emt 0:01:11]} 32. a7 {[%emt 0:01:30]} Rf8 {[%emt 0:01:25]} 33. Qf3 {[%emt 0:
03:44]} Rxf3 {[%emt 0:00:29]} 34. exf3 {[%emt 0:00:06]} Qxd4 {[%emt 0:00:35]}
35. a8=Q+ {[%emt 0:00:07]} Kf7 {[%emt 0:00:02]} 36. Rxc6 {[%emt 0:00:40]} Re5 {
[%emt 0:00:12]} 37. Qb7+ {[%emt 0:00:53]} Ne7 {[%emt 0:00:22]} 38. a6 {[%emt 0:
00:32]} Rg5 {[%emt 0:00:31]} 39. Kg2 {[%emt 0:00:45]} Qd5 {[%emt 0:01:19]} 40.
Re1 {[%emt 0:01:12]} 1-0

[Event "European Individual Chess Championship "]
[Site "Reykjavik, Iceland"]
[Date "2021.08.31"]
[Round "6.20"]
[White "Sousa, Andre Ventura"]
[Black "Romanov, Evgeny"]
[Result "0-1"]
[WhiteElo "2405"]
[BlackElo "2594"]
[PlyCount "78"]
[EventDate "2021.08.26"]

1. e4 {[%emt 0:00:02]} c5 {[%emt 0:03:45]} 2. Nf3 {[%emt 0:00:05]} a6 {[%emt 0:
00:08]} 3. c4 {[%emt 0:00:04]} e6 {[%emt 0:00:11]} 4. d4 {[%emt 0:00:06]} cxd4
{[%emt 0:00:08]} 5. Nxd4 {[%emt 0:00:03]} Nf6 {[%emt 0:00:08]} 6. Nc3 {[%emt 0:
00:04]} Qc7 {[%emt 0:00:17]} 7. a3 {[%emt 0:00:09]} b6 {[%emt 0:00:28]} 8. Be3
{[%emt 0:00:53]} Bb7 {[%emt 0:00:12]} 9. f3 {[%emt 0:00:12]} Nc6 {[%emt 0:00:
23]} 10. Qd2 {[%emt 0:02:47]} Ne5 {[%emt 0:07:41]} 11. Rc1 {[%emt 0:05:44]} Be7
{[%emt 0:00:22]} 12. Be2 {[%emt 0:04:37]} O-O {[%emt 0:01:22]} 13. O-O {
[%emt 0:00:32]} Ng6 {[%emt 0:01:01]} 14. Kh1 {[%emt 0:01:50]} d6 {[%emt 0:02:
46]} 15. b4 {[%emt 0:01:38]} h5 {[%emt 0:01:40]} 16. Bd3 {[%emt 0:08:15]} Ne5 {
[%emt 0:08:14]} 17. Be2 {[%emt 0:02:12]} Rac8 {[%emt 0:03:56]} 18. Na4 {
[%emt 0:06:27]} h4 {[%emt 0:07:54]} 19. Nxb6 {[%emt 0:10:45]} Qxb6 {[%emt 0:01:
03]} 20. Nxe6 {[%emt 0:00:07]} Qc6 {[%emt 0:01:54]} 21. b5 {[%emt 0:19:27]} Qe8
{[%emt 0:01:33]} 22. Ng5 {[%emt 0:02:52]} axb5 {[%emt 0:07:59]} 23. cxb5 {
[%emt 0:00:13]} d5 {[%emt 0:00:17]} 24. Bd4 {[%emt 0:07:04]} Nfd7 {[%emt 0:15:
29]} 25. Rxc8 {[%emt 0:03:59]} Qxc8 {[%emt 0:00:23]} 26. exd5 {[%emt 0:00:08]}
Qd8 {[%emt 0:07:22]} 27. Nh3 {[%emt 0:07:38]} Bxd5 {[%emt 0:01:42]} 28. Rd1 {
[%emt 0:02:39]} Bb3 {[%emt 0:04:20]} 29. Rb1 {[%emt 0:00:04]} Be6 {[%emt 0:00:
13]} 30. Qc3 {[%emt 0:00:53]} Bf5 {[%emt 0:03:06]} 31. Rd1 {[%emt 0:01:04]} Qb8
{[%emt 0:01:00]} 32. Nf4 {[%emt 0:03:26]} Rc8 {[%emt 0:00:53]} 33. Qe3 {
[%emt 0:00:28]} Bg5 {[%emt 0:01:19]} 34. g4 {[%emt 0:04:08]} Bc2 {[%emt 0:03:
46]} 35. Bxe5 {[%emt 0:01:20]} Nxe5 {[%emt 0:03:28]} 36. Rd5 {[%emt 0:00:04]}
Nxg4 {[%emt 0:01:27]} 37. fxg4 {[%emt 0:00:09]} Bxf4 {[%emt 0:00:39]} 38. Qd4 {
[%emt 0:00:23]} Re8 {[%emt 0:01:46]} 39. Bf3 {[%emt 0:00:15]} h3 {[%emt 0:00:
57]} 0-1

[Event "European Individual Chess Championship "]
[Site "Reykjavik, Iceland"]
[Date "2021.08.31"]
[Round "6.21"]
[White "Blohberger, Felix"]
[Black "Lupulescu, Constantin"]
[Result "1/2-1/2"]
[WhiteElo "2502"]
[BlackElo "2659"]
[PlyCount "32"]
[EventDate "2021.08.26"]

1. e4 {[%emt 0:00:04]} c5 {[%emt 0:00:05]} 2. Nf3 {[%emt 0:00:10]} d6 {[%emt 0:
00:05]} 3. d4 {[%emt 0:00:06]} cxd4 {[%emt 0:00:06]} 4. Nxd4 {[%emt 0:00:05]}
Nf6 {[%emt 0:00:04]} 5. f3 {[%emt 0:00:06]} a6 {[%emt 0:07:00]} 6. c4 {[%emt 0:
00:51]} e6 {[%emt 0:01:25]} 7. Nc3 {[%emt 0:00:07]} Be7 {[%emt 0:01:19]} 8. Be3
{[%emt 0:00:13]} O-O {[%emt 0:09:27]} 9. Qc2 {[%emt 0:05:28]} Qc7 {[%emt 0:02:
58]} 10. O-O-O {[%emt 0:11:21]} Nfd7 {[%emt 0:19:03]} 11. Kb1 {[%emt 0:05:45]}
Ne5 {[%emt 0:06:00]} 12. Rc1 {[%emt 0:09:23]} Bd7 {[%emt 0:04:59]} 13. f4 {
[%emt 0:06:59]} Nec6 {[%emt 0:03:32]} 14. Qf2 {[%emt 0:07:43]} Bf6 {[%emt 0:14:
54]} 15. Nf3 {[%emt 0:04:36]} Be8 {[%emt 0:05:21]} 16. c5 {[%emt 0:27:54]} dxc5
{[%emt 0:02:07]} 1/2-1/2